Statistics for Isolated Capitals Looking Eastwards

Click here to take the quiz!

General Stats

  • This quiz has been taken 22 times
  • The average score is 14 of 20

Answer Stats

D (km) CAPITAL CITYCLOSEST CAPITAL% Correct
2,330 CanberraBrasilia
100%
3,701 TokyoMale
94%
2,996 OttawaBrasilia
94%
1,527 JakartaDublin
88%
2,425 WellingtonPort Moresby
88%
1,648 MoscowNew Delhi
88%
1,497 ReykjavikSeoul
82%
1,480 TaipeiMexico City
76%
2,273 MontevideoDhaka
76%
2,040 DiliPort Louis
71%
8,766 ApiaPraia
71%
4,329 BrasiliaPalikir
65%
1,667 HanoiTbilisi
65%
1,734 VictoriaTaipei
59%
2,334 MelekeokWellington
59%
3,211 Port LouisPort-au-Prince
59%
2,172 ColomboMelekeok
59%
2,523 ParamariboNuku'alofa
53%
1,597 BishkekKabul
47%
1,586 MuscatBandar Seri Begawan
41%

Score Distribution

Percentile by Number Answered

Percent of People with Each Score

Your Score History

You have not taken this quiz